Labour and the public interest (Record no. 1354)

MARC details
000 -LEADER
fixed length control field 00486cam a2200193ua 4500
001 - CONTROL NUMBER
control field 1465
005 - DATE AND TIME OF LATEST TRANSACTION
control field 20260515113334.0
008 - FIXED-LENGTH DATA ELEMENTS--GENERAL INFORMATION
fixed length control field 111220n ii |||gr||||Z||||||eng
040 ## - CATALOGING SOURCE
Transcribing agency MAIN
082 ## - DEWEY DECIMAL CLASSIFICATION NUMBER
Classification number 331
100 ## - MAIN ENTRY--PERSONAL NAME
Personal name Wirtz, W. Willard,
245 1# - TITLE STATEMENT
Title Labour and the public interest
Statement of responsibility, etc. by W. Willard Wirtz
250 ## - EDITION STATEMENT
Edition statement 1st.
260 ## - PUBLICATION, DISTRIBUTION, ETC.
Place of publication, distribution, etc. Delhi:
Name of publisher, distributor, etc. Universal bookstall ,967.
300 ## - PHYSICAL DESCRIPTION
Extent xxi;196p:
Dimensions 23cm.
653 ## - INDEX TERM--UNCONTROLLED
Uncontrolled term Economics
653 ## - INDEX TERM--UNCONTROLLED
Uncontrolled term Labour the public interest
942 ## - ADDED ENTRY ELEMENTS (KOHA)
Koha item type Books
Holdings
Withdrawn status Lost status Damaged status Not for loan Home library Current library Shelving location Date acquired Total checkouts Full call number Barcode Date last seen Copy number Price effective from Koha item type
        Naharkatiya College Library Naharkatiya College Library General stacks 09/19/2020   331 | WIR 1833 09/19/2020 1 09/19/2020 Books